Statistics for How Many Gifts were REALLY Given in the Twelve Days of Christmas?

Click here to take the quiz!

General Stats

  • This quiz has been taken 795 times
  • The average score is 7 of 13

Answer Stats

HintAnswer% Correct
Partridges in Pear Trees12
97%
Turtledoves22
77%
French Hens30
69%
Calling Birds36
65%
Golden Rings40
60%
Geese a-Laying42
55%
Drummers Drumming12
46%
Swans a-Swimming42
46%
Pipers Piping22
44%
Lords a-Leaping30
44%
Ladies Dancing36
44%
Maids a-Milking40
44%
Total Gifts364
20%

Score Distribution

Percentile by Number Answered

Percent of People with Each Score

Your Score History

You have not taken this quiz